00752nam a2200181Ia 4500008004100000041001200041082001600053100001800069245006500087260003100152300000800183650000800191700001900199942000700218999001500225952017100240952015900411221030s9999 xx 000 0 und d aEnglish a105.23bKha aG. K. Kharate 0aElectomagnetic Engineeringcby G. K. Kharate, S. S. Narkhede bTechnical Pub.aPunec2001 a559 aEMT aS. S. Narkhede cBK c8119d8119 pBE 6217g240.00l0o105.23 Khar2022-10-30 00:00:00w2022-10-30yBK003Print4071aMIETLIBbMIETLIBcBL-Academic Block C, FL-2, CUP-16, SH-5, R-5d2002-12-1910HBE pBE 6218g240.00l0o105.23 Khar2022-10-30 00:00:00w2022-10-30yBK003Print4070aMIETLIBbMIETLIBcBL-First, FL-1, CUP-8, SH-2, R-2d2002-12-1910HBE